| 000 | 01556cab a22002295a 4500 | ||
|---|---|---|---|
| 001 | L146262 | ||
| 008 | 081223e20081111xxk f v 000 0 eng d | ||
| 035 | _a(Sirsi) u146262 | ||
| 041 | 0 | _aeng | |
| 245 | 0 | 0 |
_aMidill (97PL) Ltd v Park Lane Estates Ltd (1) and Gomba International Investments Ltd (2) _h[electronic resource] |
| 260 | _c2008 | ||
| 520 | _a[2008] EWCA Civ 1227, 11 November 2008. The case considered the consequences of a buyer's failure to complete a sale of contract. A prospective buyer (M) sought the return of a £400 000 deposit after an initial decision in favour of the vendor, G (see L143243). G had served a notice to complete but completion did not happen. M argued that the notice was invalid. The case turned on whether the G was able to retain the deposit. Held: appeal dismissed. M had failed to show that the vendor was not ready to complete the deal on the agreed date. It also failed to convince the Court of Appeal that there were special circumstances to allow the return of the deposit, even though the vendor sold the property for a handsome profit only a few months later. | ||
| 590 | _aKA | ||
| 650 | 2 | 4 | _aMIDILL (97PL) LTD V PARK LANE ESTATES LTD AND ANOTHER |
| 650 | 2 | 4 | _aLAW OF PROPERTY ACT 1925 S49(2) |
| 650 | 2 | 4 | _aOMAR V EL-WAKIL |
| 650 | 2 | 4 | _aSTANDARD CONDITIONS OF SALE |
| 651 | 4 |
_aEngland and Wales _y1543- |
|
| 690 | _aPROPERTY-PROPERTY ACQUISITION AND DISPOSAL | ||
| 856 | 4 | 0 |
_uhttps://www.bailii.org/ew/cases/EWCA/Civ/2008/1227.html _zView the item free of charge at www.bailii.org... |
| 942 | _n0 | ||
| 999 |
_c81106 _d81106 |
||